Statistics for Most-Visited Countries for Business Purposes by the British

Click here to take the quiz!

General Stats

  • This quiz has been taken 303 times
  • The average score is 9 of 10

Answer Stats

VisitsCountry% Correct
617,000United States
100%
901,000France
98%
812,000Germany
98%
354,000Italy
94%
433,000Spain
94%
575,000Netherlands
90%
350,000Belgium
89%
697,000Ireland
86%
277,000Switzerland
82%
161,000United Arab Emirates
39%

Score Distribution

Percentile by Number Answered

Percent of People with Each Score

Your Score History

You have not taken this quiz